Adivinha os Melhores Marcadores por Epoca da Liga Portugal - Statistics

Estatísticas Gerais
  • Esse quiz foi jogado 78 vezes
  • A pontuação média é 34 de 95
Estatísticas das Respostas
Ano Resposta Clube Golos % Correto
2023/24 Viktor Gyokeres Sporting CP 29
94%
2015/16 Jonas SL Benfica 32
89%
2017/18 Jonas SL Benfica 34
89%
1963/64 Eusebio SL Benfica 28
81%
1964/65 Eusebio SL Benfica 28
81%
1965/66 Eusebio SL Benfica 25
81%
1966/67 Eusebio SL Benfica 31
81%
1967/68 Eusebio SL Benfica 42
81%
1969/70 Eusebio SL Benfica 20
81%
1972/73 Eusebio SL Benfica 40
81%
2022/23 Mehdi Taremi FC Porto 22
78%
1996/97 Mario Jardel FC Porto 30
70%
1997/98 Mario Jardel FC Porto 26
70%
1998/99 Mario Jardel FC Porto 36
70%
1999/2000 Mario Jardel FC Porto 38
70%
2001/02 Mario Jardel Sporting CP 42
70%
2016/17 Bas Dost Sporting CP 34
66%
2020/21 Pedro Gonçalves Sporting CP 23
66%
2021/22 Darwin Nunez SL Benfica 26
64%
1937/38 Fernando Peyroteo Sporting CP 34
64%
1939/40 Fernando Peyroteo Sporting CP 29
64%
1940/41 Fernando Peyroteo Sporting CP 29
64%
1945/46 Fernando Peyroteo Sporting CP 39
64%
1946/47 Fernando Peyroteo Sporting CP 43
64%
1948/49 Fernando Peyroteo Sporting CP 39
64%
1943/44 Francisco Rodrigues Vitoria FC (Setubal) 28
64%
1944/45 Francisco Rodrigues Vitoria FC (Setubal) 21
64%
2012/13 Jackson Martinez FC Porto 26
63%
2013/14 Jackson Martinez FC Porto 20
63%
2014/15 Jackson Martinez FC Porto 21
63%
2009/10 Oscar Cardozo SL Benfica 26
63%
2011/12 Oscar Cardozo SL Benfica 20
63%
2010/11 Hulk FC Porto 23
59%
2018/19 Haris Seferovic SL Benfica 23
58%
2004/05 Liedson Sporting CP 25
50%
2006/07 Liedson Sporting CP 15
50%
2019/20 Carlos Vinicius SL Benfica 18
47%
# Lima SC Braga #
47%
1976/77 Fernando Gomes FC Porto 26
33%
1977/78 Fernando Gomes FC Porto 25
33%
1978/79 Fernando Gomes FC Porto 27
33%
1982/83 Fernando Gomes FC Porto 36
33%
# Fernando Gomes FC Porto #
33%
1984/85 Fernando Gomes FC Porto 39
33%
1985/86 Manuel Fernandes Sporting CP 30
30%
2002/03 Simao Sabrosa SL Benfica 18
28%
1980/81 Nene SL Benfica 20
27%
1983/84 Nene SL Benfica 21
27%
2008/09 Nene Nacional 20
27%
2007/08 Lisandro Lopez FC Porto 24
25%
1990/91 Rui Aguas SL Benfica 25
25%
2003/04 Benni McCarthy FC Porto 20
22%
1951/52 Jose Aguas SL Benfica 28
20%
1955/56 Jose Aguas SL Benfica 28
20%
1956/57 Jose Aguas SL Benfica 30
20%
1958/59 Jose Aguas SL Benfica 26
20%
1960/61 Jose Aguas SL Benfica 27
20%
1973/74 Hector Yazalde Sporting CP 46
19%
1974/75 Hector Yazalde Sporting CP 30
19%
1994/95 Hassan Nader SC Farense 21
16%
1952/53 Matateu Belenenses 29
16%
1954/55 Matateu Belenenses 32
16%
1995/96 Domingos Paciencia FC Porto 25
14%
2000/01 Pena FC Porto 22
14%
# Fary Faye Beira Mar #
13%
1975/76 Rui Jordao SL Benfica 30
13%
1979/80 Rui Jordao Sporting CP 31
13%
1970/71 Artur Jorge SL Benfica 23
11%
1971/72 Artur Jorge SL Benfica 27
11%
1941/42 Correia Dias FC Porto 36
11%
2005/06 Meyong Belenenses 17
11%
1962/63 Jose Torres SL Benfica 26
9%
1989/90 Mats Magnusson SL Benfica 33
9%
1986/87 Paulinho Cascavel Vitoria SC (Guimaraes 22
9%
1987/88 Paulinho Cascavel Sporting CP 23
9%
1992/93 Jorge Cadete Sporting CP 18
8%
1950/51 Manuel Vasques Sporting CP 29
8%
1935/36 Pinga FC Porto 21
8%
1993/94 Rashidi Yekini Vitoria FC (Setubal) 21
8%
1981/82 Jacques Pereira FC Porto 27
6%
1942/43 Julinho SL Benfica 24
6%
1949/50 Julinho SL Benfica 28
6%
1957/58 Arsenio Duarte CUF Barreiro 23
5%
1934/35 Manuel Soeiro Sporting CP 14
5%
1936/37 Manuel Soeiro Sporting CP 23
5%
1991/92 Ricky Boavista 30
5%
1988/89 Vata Garcia SL Benfica 16
5%
1947/48 Antonio Araujo FC Porto 35
3%
1961/62 Azumir Verissimo FC Porto 23
3%
1938/39 Costuras FC Porto 18
3%
1959/60 Edmur Ribeiro Vitoria SC (Guimaraes) 25
3%
# Ernesto Figueiredo Sporting CP #
3%
1953/54 Joao Martins Sporting CP 31
3%
1968/69 Manuel Antonio Academica 19
3%
# Slavko Kodrnja FC Porto #
3%
Nenhum quiz correspondente encontrado
Distribuição das Pontuações
Porcentagem de Pessoas com Cada Pontuação
Percentil de Números Respondidos
Sua Pontuação Histórica
Você não jogou esse quiz